Zur Philosophie und Theologie des Glaubens : Oxforder Universitatspredigten
Saved in:
| Main Author: | |
|---|---|
| Other Authors: | |
| Format: | Book |
| Language: | German |
| Published: |
Mainz :
Matthias-Grunewald,
[1964]
|
| Subjects: | |
| Tags: |
Add Tag
No Tags, Be the first to tag this record!
|
MARC
| LEADER | 00000cam a2200000 i 4500 | ||
|---|---|---|---|
| 001 | 1/29606 | ||
| 008 | 060516s1964 ger d | ||
| 035 | |l 10083940 | ||
| 040 | |a GR-MY-UA |b gre |e aacr | ||
| 041 | 0 | |a ger | |
| 082 | 0 | |a 231.04 |2 (22) | |
| 100 | 1 | |a Newman, John Henry, |d 1801-1890. | |
| 245 | 1 | 0 | |a Zur Philosophie und Theologie des Glaubens : |b Oxforder Universitatspredigten / |c John Henry Kardinal Newman ; Max Hofmann, Werner Becker |
| 260 | |a Mainz : |b Matthias-Grunewald, |c [1964] | ||
| 300 | |a 565 σ.; |c 21 εκ. | ||
| 600 | 1 | 0 | |a Newman, John Henry, |d 1801-1890. |
| 650 | 0 | 0 | |a Tradition (Theology) |
| 650 | 0 | 0 | |a Christian education |x Philosophy. |
| 700 | 1 | |a Becker, Werner. |4 edt | |
| 852 | |a INST |b RHODES |c KRI |e 20060516 |h 231.04 NEW |p 005400020799 |q 005400020799 |t BK |y 0 | ||
| 901 | |a BIBL4-2006-2 | ||
| 909 | |a Ρ |b 123626 | ||
| 970 | |a ΚΟΖΑ |b ΜΑΡΙΑ |z 2006/05/16 | ||